000 00892cam a2200241 a 4500
005 20160608065118.0
008 130821s1997 ck gr spa
020 _a9586531147
020 _a9789586531146
040 _aCo-BoUCM
_bspa
_cDavid Avila (modificó)
_d[Nuevo]
041 0 _aspa
100 _aValdés Sánchez, Roberto
_977565
245 1 3 _aLa transacción
_bsolución alternativa de conflictos
_cRoberto Valdés Sánchez
260 _aBogotá (Cundinamarca, Colombia)
_bLegis
_c1997
300 _a255 páginas
490 0 _aSerie alternativas para la solución de conflictos
504 _aIncluye referencias bibliográficas e índices
650 0 4 _aArbitramento comercial
_99304
650 0 4 _aResolución de disputas (Derecho)
_923647
690 0 _aDerecho comercial
_912717
942 _cLIBRORESER
_2DEWEY
_a8
_e1
_h346.074
_mV148t
999 _c21833
_d21833